000 00949nam a22001815i 4500
001 161506
003 ES-MaACL
005 20230906212312.0
008 020306s1869 sp |||| | spa d
040 _aCAM
_bspa
_cCAM
100 1 _aPastor, Francisco Javier.
_9130892
245 1 0 _aContra soberbia humildad
_b: comedia en un acto y en verso /
_coriginal de Francisco Javier Pastor.
260 _aMadrid :
_b[s.n.],
_c1869 (
_fImprenta de José Rodríguez)
300 _a39 p. ;
_c19 cm.
500 _aEn port.: Representada en Madrid en el teatro del Recreo la noche del 6 de febrero de 1869, á beneficio de la primera actriz Trinidad Védia.
596 _aAl v. de port. consta : "... Galerías Dramáticas y Líricas de los Sres. Gullon é Hidalgo..."
852 _aES-MaACL
_jF-8614(6)
_z-- Enc. pasta española
_q-- Falto de la cub. original
_z-- Enc. en un vol. facticio formando parte de la col. facticia "Teatro español moderno", vol. 69
999 _c161506
_d161506